[Event "MNT-chT"]
[Site "Cetinje"]
[Date "2009.10.09"]
[Round "4"]
[White "Brajovic, Radovan"]
[Black "Lekic, Lazar"]
[Result "1-0"]
[WhiteElo "2245"]
[BlackElo "1755"]
[PlyCount "108"]
[EventDate "2009.09.18"]
[EventType "team-tourn"]
[EventRounds "9"]
[EventCountry "MNE"]
[SourceTitle "EXT 2011"]
[Source "ChessBase"]
[SourceDate "2010.11.26"]
[SourceVersion "1"]
[SourceVersionDate "2010.11.26"]
[SourceQuality "1"]

1. c4 Nf6 2. g3 g6 3. Nf3 Bg7 4. Bg2 0-0 5. 0-0 d6 6. Nc3 c6 7. d3 e5 8. Qc2 a5 9. h3 Na6 10. a3 Ne8 11. Bg5 f6 12. Be3 f5 13. Rab1 Nf6 14. b4 axb4 15. axb4 e4 16. dxe4 Nxe4 17. Nxe4 fxe4 18. Nd2 d5 19. Rfd1 Qe7 20. cxd5 cxd5 21. b5 d4 22. Bf4 Nc5 23. Nxe4 Nxe4 24. Qxe4 Qf7 25. Rbc1 g5 26. Bxg5 Qxf2+ 27. Kh2 Ra3 28. Rxc8 Qxg3+ 29. Kh1 Qxg5 30. Qe6+ Kh8 31. Rxf8+ Bxf8 32. Bf3 Qh6 33. Qg4 Qg7 34. Qxd4 Qxd4 35. Rxd4 b6 36. Kg2 Bc5 37. Rd7 Rb3 38. Be4 Rxb5 39. Rxh7+ Kg8 40. h4 Rb4 41. Bd3 Rd4 42. Rh6 Be7 43. Rg6+ Kf7 44. h5 Rh4 45. Rxb6 Bf6 46. Bg6+ Kg7 47. Rb7+ Kh6 48. e4 Bg7 49. Rb5 Rg4+ 50. Kf3 Rg5 51. Rb6 Re5 52. Kf4 Re7 53. Kg4 Bd4 54. Rd6 Be5 1-0

[Event "MNT-chT"]
[Site "Cetinje"]
[Date "2009.09.19"]
[Round "2"]
[White "Batricevic, Sasa"]
[Black "Brajovic, Radovan"]
[Result "1-0"]
[WhiteElo "2287"]
[BlackElo "2245"]
[PlyCount "53"]
[EventDate "2009.09.18"]
[EventType "team-tourn"]
[EventRounds "9"]
[EventCountry "MNE"]
[SourceTitle "EXT 2011"]
[Source "ChessBase"]
[SourceDate "2010.11.26"]
[SourceVersion "1"]
[SourceVersionDate "2010.11.26"]
[SourceQuality "1"]

1. e4 c5 2. Nf3 e6 3. d4 cxd4 4. Nxd4 Nc6 5. Nc3 a6 6. Be3 Qc7 7. Qf3 b5 8. Nxc6 dxc6 9. 0-0-0 e5 10. Qg3 Nf6 11. Bd4 Nd7 12. Be2 Be7 13. Bg4 Bf6 14. Bxd7+ Bxd7 15. Bc5 0-0-0 16. Bd6 Qa5 17. Bxe5 b4 18. Bxf6 gxf6 19. Nb1 Qxa2 20. Rd4 a5 21. Qd3 Bg4 22. Qa6+ Kc7 23. Qa7+ Kc8 24. Rxb4 axb4 25. Qxa2 Be6 26. Qa6+ Kc7 27. Qa5+ 1-0

[Event "Cetinje Batricevic Memorial op"]
[Site "Cetinje"]
[Date "2009.08.14"]
[Round "6"]
[White "Brajovic, Radovan"]
[Black "Pecurica, Milos"]
[Result "1/2-1/2"]
[WhiteElo "2245"]
[BlackElo "2010"]
[PlyCount "76"]
[EventDate "2009.08.09"]
[EventType "swiss"]
[EventRounds "9"]
[EventCountry "MNE"]
[SourceTitle "CBM 131 Extra"]
[Source "ChessBase"]
[SourceDate "2009.09.03"]
[SourceVersion "2"]
[SourceVersionDate "2009.09.16"]
[SourceQuality "1"]

1. e4 c5 2. Nf3 d6 3. Bb5+ Bd7 4. Bxd7+ Qxd7 5. 0-0 Nf6 6. Re1 g6 7. c3 Bg7 8. d4 cxd4 9. cxd4 d5 10. e5 Ne4 11. Re2 e6 12. Ne1 h6 13. Be3 Ng5 14. Qc1 f5 15. Bxg5 hxg5 16. Qxg5 Qf7 17. Nc3 a6 18. Nf3 Nc6 19. Rd1 Rh5 20. Qd2 Bh6 21. Qc2 g5 22. h3 0-0-0 23. Nh2 g4 24. hxg4 Rxh2 25. Kxh2 Rh8 26. Kg1 Bf4 27. Ree1 fxg4 28. Kf1 Bg3 29. Kg1 Bxf2+ 30. Qxf2 Rh1+ 31. Kxh1 Qxf2 32. Rf1 Qh4+ 33. Kg1 g3 34. Rf8+ Kd7 35. Ne2 Qh2+ 36. Kf1 Qh1+ 37. Ng1 Qh4 38. Ne2 Qh1+ 1/2-1/2

[Event "EU-ch 10th"]
[Site "Budva"]
[Date "2009.03.10"]
[Round "5"]
[White "Karisik, Nenad"]
[Black "Brajovic, Radovan"]
[Result "1/2-1/2"]
[WhiteElo "2023"]
[BlackElo "2275"]
[PlyCount "96"]
[EventDate "2009.03.06"]
[EventType "swiss"]
[EventRounds "11"]
[EventCountry "MNE"]
[SourceTitle "CBM 130"]
[Source "ChessBase"]
[SourceDate "2009.05.20"]
[SourceVersion "1"]
[SourceVersionDate "2009.05.20"]
[SourceQuality "1"]

1. e4 c5 2. Nf3 e6 3. d4 cxd4 4. Nxd4 Nc6 5. Nc3 Qc7 6. Be3 a6 7. Qd2 Nf6 8. 0-0-0 Bb4 9. f3 b5 10. g4 0-0 11. a3 Be7 12. g5 Nh5 13. Nxc6 dxc6 14. f4 g6 15. Qf2 c5 16. Kb1 Bb7 17. Bg2 Rab8 18. Ne2 b4 19. axb4 cxb4 20. Ng3 Ng7 21. f5 gxf5 22. exf5 Bxg2 23. Qxg2 Bc5 24. Ne4 Bxe3 25. Nf6+ Kh8 26. Qh3 h5 27. Qxe3 Rfc8 28. Rc1 exf5 29. Rhd1 Rb5 30. Qh3 Qc6 31. Nxh5 Nxh5 32. Qxh5+ Kg8 33. g6 fxg6 34. Rg1 Kg7 35. Qe2 Qe4 36. Qd2 Rd5 37. Qf2 b3 38. Qa7+ Kh8 39. Qxa6 bxc2+ 40. Ka1 Ra5+ 41. Qxa5 Ra8 42. Qa3 Ra4 43. Rge1 Qd4 44. Ka2 Qc4+ 45. b3 Rxa3+ 46. Kxa3 Qd3 47. Kb2 Qd2 48. Re8+ Kg7 1/2-1/2

[Event "EU-ch 10th"]
[Site "Budva"]
[Date "2009.03.09"]
[Round "4"]
[White "Brajovic, Radovan"]
[Black "Panic, Nenad"]
[Result "0-1"]
[WhiteElo "2275"]
[BlackElo "2407"]
[PlyCount "59"]
[EventDate "2009.03.06"]
[EventType "swiss"]
[EventRounds "11"]
[EventCountry "MNE"]
[SourceTitle "CBM 130"]
[Source "ChessBase"]
[SourceDate "2009.05.20"]
[SourceVersion "1"]
[SourceVersionDate "2009.05.20"]
[SourceQuality "1"]

1. e4 c5 2. Nf3 e6 3. d4 cxd4 4. Nxd4 a6 5. Bd3 Nc6 6. Nxc6 dxc6 7. 0-0 e5 8. Nd2 Be6 9. Nf3 Bd6 10. Ng5 Qe7 11. Nxe6 Qxe6 12. Bc4 Qe7 13. Be3 Nf6 14. Qf3 h6 15. Rfd1 0-0 16. Rd3 b5 17. Bb3 c5 18. Bd5 c4 19. Rd2 Rac8 20. Rad1 c3 21. bxc3 Rxc3 22. Qf5 Bc5 23. Bxc5 Rxc5 24. g3 a5 25. f4 Rfc8 26. Re2 Kf8 27. Kg2 exf4 28. gxf4 g6 29. Qh3 Rxd5 30. Qxh6+ 0-1

[Event "EU-ch 10th"]
[Site "Budva"]
[Date "2009.03.07"]
[Round "2"]
[White "Brajovic, Radovan"]
[Black "Mastrovasilis, Dimitrios"]
[Result "0-1"]
[WhiteElo "2275"]
[BlackElo "2580"]
[PlyCount "74"]
[EventDate "2009.03.06"]
[EventType "swiss"]
[EventRounds "11"]
[EventCountry "MNE"]
[SourceTitle "CBM 130"]
[Source "ChessBase"]
[SourceDate "2009.05.20"]
[SourceVersion "1"]
[SourceVersionDate "2009.05.20"]
[SourceQuality "1"]

1. e4 c5 2. Nf3 e6 3. d4 cxd4 4. Nxd4 Nc6 5. Nc3 Qc7 6. Be3 a6 7. Be2 Nf6 8. 0-0 Bb4 9. Na4 0-0 10. Nxc6 bxc6 11. Nb6 Rb8 12. Nxc8 Rfxc8 13. Bxa6 Rf8 14. Bd3 Bd6 15. f4 e5 16. f5 Rxb2 17. g4 Qa5 18. g5 Ne8 19. Kh1 Bc5 20. Bxc5 Qxc5 21. Qh5 f6 22. Rg1 d5 23. Rg4 fxg5 24. Qxg5 Rb7 25. exd5 cxd5 26. Rag1 Nf6 27. R4g2 e4 28. Ba6 Re7 29. a4 Kh8 30. Bb5 d4 31. h4 Qd5 32. Kh2 h6 33. Qf4 Nh5 34. Qg4 Rxf5 35. c4 Qe5+ 36. Kh1 Nf4 37. Rd2 h5 0-1

[Event "MNT-ch sf"]
[Site "Cetinje"]
[Date "2008.05.31"]
[Round "7"]
[White "Brajovic, Radovan"]
[Black "Batricevic, Sasa"]
[Result "0-1"]
[WhiteElo "2243"]
[BlackElo "2236"]
[PlyCount "98"]
[EventDate "2008.05.28"]
[EventType "swiss"]
[EventRounds "9"]
[EventCountry "MNE"]
[SourceTitle "CBM 124 Extra"]
[Source "ChessBase"]
[SourceDate "2008.07.03"]
[SourceVersion "1"]
[SourceVersionDate "2008.07.03"]
[SourceQuality "1"]

1. e4 e5 2. Nf3 Nc6 3. Bb5 g6 4. 0-0 Bg7 5. c3 a6 6. Ba4 d6 7. d4 Bd7 8. Re1 Nge7 9. a3 0-0 10. h3 h6 11. b4 Qe8 12. Bc2 Nd8 13. Nbd2 Ne6 14. Nf1 a5 15. Bb2 Nf4 16. Ne3 Qc8 17. h4 Rd8 18. c4 Bg4 19. d5 Bh5 20. Nf1 Bf6 21. Ng3 Bg4 22. Re3 Bxh4 23. Qf1 Bf6 24. Nh2 Bd7 25. c5 Qb8 26. Rc3 Bg7 27. Qc4 c6 28. dxc6 Be6 29. c7 Qxc7 30. Qf1 d5 31. Rc1 d4 32. Rf3 axb4 33. axb4 Ra2 34. Ba1 h5 35. Bb3 Bxb3 36. Rxb3 h4 37. Bb2 hxg3 38. fxg3 Nh5 39. Qd3 Bh6 40. Re1 Be3+ 41. Rxe3 dxe3 42. Qxe3 Rd1+ 43. Nf1 Nc6 44. Qe2 Qd8 45. b5 Na5 46. Rb4 Nxg3 47. Qg4 Nxf1 48. Kf2 Rxb2+ 49. Rxb2 Qd4+ 0-1

[Event "MNT-ch sf"]
[Site "Cetinje"]
[Date "2008.05.30"]
[Round "5"]
[White "Brajovic, Radovan"]
[Black "Mitrovic, Miroslav"]
[Result "1/2-1/2"]
[WhiteElo "2243"]
[BlackElo "2068"]
[PlyCount "104"]
[EventDate "2008.05.28"]
[EventType "swiss"]
[EventRounds "9"]
[EventCountry "MNE"]
[SourceTitle "CBM 124 Extra"]
[Source "ChessBase"]
[SourceDate "2008.07.03"]
[SourceVersion "1"]
[SourceVersionDate "2008.07.03"]
[SourceQuality "1"]

1. e4 e6 2. d4 d5 3. Nd2 dxe4 4. Nxe4 Nd7 5. Nf3 Ngf6 6. Nxf6+ Nxf6 7. Bd3 c5 8. 0-0 cxd4 9. Nxd4 Bc5 10. Nf3 0-0 11. Qe2 b6 12. Bg5 Bb7 13. Rad1 Qc7 14. Bxf6 gxf6 15. Be4 Rad8 16. Bxb7 Qxb7 17. Qc4 Kh8 18. Rd3 Rxd3 19. Qxd3 Be7 20. Rd1 Rd8 21. Qe2 Qc7 22. g3 Rxd1+ 23. Qxd1 Qd6 24. Qxd6 Bxd6 25. c4 Kg7 26. Kf1 f5 27. Ke2 Kf6 28. Ne1 h5 29. Nc2 f4 30. Nd4 fxg3 31. hxg3 Bc5 32. Nc2 a5 33. b3 Ke5 34. a3 f5 35. b4 axb4 36. axb4 Be7 37. Ke3 Kf6 38. f4 e5 39. fxe5+ Kxe5 40. Nd4 Bg5+ 41. Kd3 Bh6 42. c5 bxc5 43. bxc5 Bf8 44. c6 Kd6 45. Kc4 f4 46. gxf4 h4 47. Kb5 h3 48. Kb6 h2 49. Nf5+ Kd5 50. Ng3 Bd6 51. c7 Bxc7+ 52. Kxc7 Kd4 1/2-1/2

[Event "MNT-ch sf"]
[Site "Cetinje"]
[Date "2008.05.30"]
[Round "4"]
[White "Pecurica, Milos"]
[Black "Brajovic, Radovan"]
[Result "1-0"]
[WhiteElo "1881"]
[BlackElo "2243"]
[PlyCount "73"]
[EventDate "2008.05.28"]
[EventType "swiss"]
[EventRounds "9"]
[EventCountry "MNE"]
[SourceTitle "CBM 124 Extra"]
[Source "ChessBase"]
[SourceDate "2008.07.03"]
[SourceVersion "1"]
[SourceVersionDate "2008.07.03"]
[SourceQuality "1"]

1. c4 Nf6 2. Nf3 e6 3. d4 b6 4. a3 Bb7 5. Nc3 d5 6. cxd5 Nxd5 7. Qc2 Be7 8. e4 Nxc3 9. bxc3 0-0 10. Bd3 c5 11. 0-0 Nd7 12. Be3 Qc7 13. Qe2 Rfd8 14. Nd2 cxd4 15. cxd4 e5 16. Rfc1 Qb8 17. d5 Bc5 18. Nb3 Bxe3 19. Qxe3 Qd6 20. Nd2 Nc5 21. Bf1 Qg6 22. g3 f5 23. f3 f4 24. Qe1 h5 25. Rab1 fxg3 26. Rxc5 gxh2+ 27. Kxh2 bxc5 28. Rxb7 Rab8 29. Rxb8 Rxb8 30. Nc4 Qf6 31. Qg3 h4 32. Qxe5 Qf8 33. Bh3 g6 34. Be6+ Kh7 35. Qc7+ Kh6 36. Qf7 Qxf7 37. Bxf7 1-0

[Event "MNT-ch sf"]
[Site "Cetinje"]
[Date "2008.05.28"]
[Round "1"]
[White "Brajovic, Radovan"]
[Black "Petrusic, Goran"]
[Result "1-0"]
[WhiteElo "2243"]
[BlackElo "2026"]
[PlyCount "80"]
[EventDate "2008.05.28"]
[EventType "swiss"]
[EventRounds "9"]
[EventCountry "MNE"]
[SourceTitle "CBM 124 Extra"]
[Source "ChessBase"]
[SourceDate "2008.07.03"]
[SourceVersion "1"]
[SourceVersionDate "2008.07.03"]
[SourceQuality "1"]

1. e4 e6 2. d4 d5 3. Nc3 Nf6 4. e5 Nfd7 5. f4 a6 6. Nf3 c5 7. Be3 Nc6 8. Qd2 cxd4 9. Nxd4 Bb4 10. Bd3 0-0 11. 0-0 Nxd4 12. Bxd4 Bc5 13. Ne2 Qb6 14. c3 g6 15. Kh1 Re8 16. Rf3 Nf8 17. Rg1 Bd7 18. Bxc5 Qxc5 19. Nd4 b5 20. h4 b4 21. h5 bxc3 22. bxc3 Rec8 23. hxg6 fxg6 24. Bb1 Rab8 25. g4 Qe7 26. Qh2 Re8 27. Re1 a5 28. Qh6 Qg7 29. Qh2 a4 30. f5 exf5 31. gxf5 Rxb1 32. Rxb1 Qxe5 33. Qh6 Qg7 34. Qg5 Re5 35. Rb8 Re1+ 36. Kg2 Re8 37. f6 Qf7 38. Rxe8 Bxe8 39. Qe5 Nd7 40. Qd6 h5 1-0

[Event "Bar op"]
[Site "Bar"]
[Date "2007.04.03"]
[Round "5"]
[White "Brajovic, Radovan"]
[Black "Rosandic, Martin"]
[Result "1-0"]
[WhiteElo "2275"]
[BlackElo "1799"]
[PlyCount "41"]
[EventDate "2007.03.30"]
[EventType "swiss"]
[EventRounds "9"]
[EventCountry "YUG"]
[SourceTitle "CBM 117 Extra"]
[Source "ChessBase"]
[SourceDate "2007.05.09"]
[SourceVersion "1"]
[SourceVersionDate "2007.05.09"]
[SourceQuality "1"]

1. e4 g6 2. d4 d6 3. Nc3 c6 4. f4 Bg7 5. Nf3 Nf6 6. Be2 b6 7. 0-0 Bb7 8. e5 Nd5 9. Nxd5 cxd5 10. e6 f6 11. f5 g5 12. Bb5+ Bc6 13. Ne5 0-0 14. Nxc6 Qc7 15. Nxb8 Raxb8 16. Rf3 Qb7 17. Rh3 h6 18. Qh5 a6 19. Qg6 Kh8 20. Bd3 b5 21. Bxg5 1-0

[Event "MNT-ch 58th"]
[Site "Cetinje"]
[Date "2006.07.21"]
[Round "7"]
[White "Brajovic, Radovan"]
[Black "Bujisic, Vlastimir"]
[Result "0-1"]
[WhiteElo "2279"]
[BlackElo "2241"]
[PlyCount "68"]
[EventDate "2006.07.15"]
[EventType "swiss"]
[EventRounds "9"]
[EventCountry "MNE"]
[SourceTitle "EXT 2023"]
[Source "ChessBase"]
[SourceDate "2022.10.05"]
[SourceVersion "1"]
[SourceVersionDate "2022.10.05"]
[SourceQuality "1"]

1. e4 e5 2. Nf3 Nf6 3. d4 exd4 4. e5 Ne4 5. Qxd4 d5 6. exd6 Nxd6 7. Bd3 Nc6 8. Qf4 g6 9. 0-0 Bg7 10. Re1+ Be6 11. h4 0-0 12. Nc3 Bf5 13. Bxf5 Nxf5 14. Rd1 Ncd4 15. Nxd4 Nxd4 16. Be3 c5 17. Bxd4 cxd4 18. Ne2 Qb6 19. Rab1 Rad8 20. Rd3 Rfe8 21. Ng3 Qe6 22. Ra3 a6 23. Rb3 b5 24. h5 Qc4 25. Qd2 Re6 26. h6 Bf6 27. Rc1 Rde8 28. a3 Qc5 29. Rd3 Bg5 30. f4 Bxh6 31. Kh2 Qe7 32. Kh3 Re3 33. Rxd4 Qe6+ 34. Kh2 Qg4 0-1

[Event "MNT-ch 58th"]
[Site "Cetinje"]
[Date "2006.07.17"]
[Round "3"]
[White "Brajovic, Radovan"]
[Black "Popovic, Mladen"]
[Result "1/2-1/2"]
[WhiteElo "2279"]
[BlackElo "2158"]
[PlyCount "94"]
[EventDate "2006.07.15"]
[EventType "swiss"]
[EventRounds "9"]
[EventCountry "MNE"]
[SourceTitle "EXT 2023"]
[Source "ChessBase"]
[SourceDate "2022.10.05"]
[SourceVersion "1"]
[SourceVersionDate "2022.10.05"]
[SourceQuality "1"]

1. e4 e6 2. d4 d5 3. Nc3 Nf6 4. e5 Nfd7 5. f4 c5 6. Nf3 Nc6 7. Be3 a6 8. Qd2 b5 9. a3 Qb6 10. Be2 cxd4 11. Nxd4 Nxd4 12. Bxd4 Bc5 13. 0-0-0 Bxd4 14. Qxd4 Qxd4 15. Rxd4 Nb8 16. Bf3 Nc6 17. Rd3 Bd7 18. Ne2 Rc8 19. Nd4 Nxd4 20. Rxd4 Ke7 21. Re1 Rc5 22. Be2 Rhc8 23. c3 g6 24. g4 Rg8 25. Kd2 f6 26. exf6+ Kxf6 27. g5+ Ke7 28. h4 Kd6 29. h5 Rcc8 30. Bg4 Rcf8 31. b3 Rg7 32. hxg6 hxg6 33. c4 bxc4 34. bxc4 Rgf7 35. cxd5 Rxf4 36. Rxf4 Rxf4 37. Bxe6 Bb5 38. Bg8 Rf2+ 39. Kc3 Rf3+ 40. Kb4 Bd7 41. Be6 Rf4+ 42. Ka5 Ra4+ 43. Kb6 Rxa3 44. Bxd7 Rb3+ 45. Kxa6 Kxd7 46. Re6 Rd3 47. Rxg6 Rxd5 1/2-1/2

[Event "MNT-ch 58th"]
[Site "Cetinje"]
[Date "2006.07.15"]
[Round "1"]
[White "Brajovic, Radovan"]
[Black "Blagojevic, Dragisa"]
[Result "0-1"]
[WhiteElo "2279"]
[BlackElo "2529"]
[PlyCount "100"]
[EventDate "2006.07.15"]
[EventType "swiss"]
[EventRounds "9"]
[EventCountry "MNE"]
[SourceTitle "EXT 2023"]
[Source "ChessBase"]
[SourceDate "2022.10.05"]
[SourceVersion "1"]
[SourceVersionDate "2022.10.05"]
[SourceQuality "1"]

1. e4 e5 2. Nf3 Nc6 3. Bb5 a6 4. Bxc6 dxc6 5. 0-0 Qd6 6. d3 Ne7 7. Be3 c5 8. Nbd2 Ng6 9. Nb3 b6 10. c3 Bg4 11. d4 cxd4 12. cxd4 Nh4 13. Nbd2 exd4 14. Qa4+ b5 15. Qxd4 Bxf3 16. Qxd6 Bxd6 17. Nxf3 Nxf3+ 18. gxf3 Be5 19. Rac1 0-0-0 20. Rc2 Rhe8 21. Kg2 Bd6 22. h4 Re6 23. Rfc1 Kb7 24. h5 Rd7 25. Kh3 Be7 26. Kg4 Bd8 27. Bg5 Bxg5 28. Kxg5 c6 29. Re1 Rd4 30. Rce2 Re5+ 31. Kg4 h6 32. f4 Rdxe4 33. Rxe4 f5+ 34. Kf3 fxe4+ 35. Rxe4 Rxe4 36. Kxe4 c5 37. Kd5 Kb6 38. b3 a5 39. f5 a4 40. f3 a3 41. f4 b4 42. Kd6 c4 43. bxc4 b3 44. c5+ Kb5 45. c6 bxa2 46. c7 a1Q 47. c8Q Qd4+ 48. Ke7 Qc5+ 49. Qxc5+ Kxc5 50. Kf7 a2 0-1

[Event "MNT-ch 57th"]
[Site "Cetinje"]
[Date "2005.07.11"]
[Round "4"]
[White "Kalezic, Blazo"]
[Black "Brajovic, Radovan"]
[Result "1-0"]
[WhiteElo "2448"]
[BlackElo "2296"]
[PlyCount "47"]
[EventDate "2005.07.08"]
[EventType "swiss"]
[EventRounds "9"]
[EventCountry "MNE"]
[SourceTitle "CBM 107 Extra"]
[Source "ChessBase"]
[SourceDate "2005.09.01"]
[SourceVersion "1"]
[SourceVersionDate "2005.09.01"]
[SourceQuality "1"]

1. e4 c5 2. Nf3 Nc6 3. Nc3 e6 4. d4 cxd4 5. Nxd4 Qc7 6. Be2 a6 7. 0-0 Nf6 8. Kh1 Nxd4 9. Qxd4 Bc5 10. Qd3 b5 11. Bg5 Bb7 12. f4 h5 13. e5 Ng4 14. Bf3 Rb8 15. Bxb7 Rxb7 16. Ne4 Nh6 17. a4 b4 18. Qf3 Rb8 19. Qxh5 Kf8 20. f5 Qxe5 21. fxe6 Kg8 22. exf7+ Kf8 23. Nxc5 Qxc5 24. Bf4 1-0

[Event "Bar Sozina op"]
[Site "Bar"]
[Date "2005.03.06"]
[Round "3"]
[White "Rosandic, Martin"]
[Black "Brajovic, Radovan"]
[Result "0-1"]
[WhiteElo "1907"]
[BlackElo "2278"]
[PlyCount "54"]
[EventDate "2005.03.04"]
[EventType "swiss"]
[EventRounds "9"]
[EventCountry "YUG"]
[SourceTitle "CBM 105 Extra"]
[Source "ChessBase"]
[SourceDate "2005.05.01"]
[SourceVersion "1"]
[SourceVersionDate "2005.05.01"]
[SourceQuality "1"]

1. c4 Nf6 2. Nc3 g6 3. d4 Bg7 4. Nf3 0-0 5. e4 d6 6. h3 c5 7. d5 b5 8. cxb5 a6 9. bxa6 Qa5 10. Bd2 Bxa6 11. Be2 Nbd7 12. 0-0 Rfb8 13. Bxa6 Qxa6 14. Qc1 Nb6 15. b3 Nfd7 16. Rb1 c4 17. b4 Rc8 18. Bh6 Bh8 19. Qe3 Na4 20. Nxa4 Qxa4 21. Nd4 Qxa2 22. Nc6 Re8 23. Qg5 Bf6 24. Qg3 Ra3 25. Qg4 Ne5 26. Nxe5 Bxe5 27. h4 c3 0-1